سجا د حيد ر يلد ر م کا فکر و فن (Record no. 165472)
[ view plain ]
| 000 -LEADER | |
|---|---|
| fixed length control field | 00687nam a22001937a 4500 |
| 005 - DATE AND TIME OF LATEST TRANSACTION | |
| control field | 20190619121909.0 |
| 010 ## - LCCN (DPL NO) | |
| LC control number | UR-10220 |
| 020 ## - INTERNATIONAL STANDARD BOOK NUMBER | |
| Terms of availability | 250.00 |
| International Standard Book Number | 9789387829411 |
| 035 ## - SYSTEM CONTROL NUMBER | |
| System control number | U-8775 |
| 037 ## - SOURCE OF ACQUISITION | |
| Source of stock number/acquisition | DBAD/PUB |
| 082 ## - DEWEY DECIMAL CLASSIFICATION NUMBER | |
| Classification number | 840.08 |
| 100 ## - MAIN ENTRY--PERSONAL NAME | |
| Personal name | ا سو د گو ہر |
| 245 ## - TITLE STATEMENT | |
| Title | سجا د حيد ر يلد ر م کا فکر و فن |
| Statement of responsibility, etc | ا سو د گو ہر |
| 246 ## - VARYING FORM OF TITLE | |
| Remainder of title | Sajjad Haider Yalderim Ka Fikr-o-Fun (Urdu) |
| Title proper/short title | by Aswad Gowher |
| 260 ## - PUBLICATION, DISTRIBUTION, ETC. (IMPRINT) | |
| Place of publication, distribution, etc | Delhi |
| Name of publisher, distributor, etc | Educational Publishing House |
| Date of publication, distribution, etc | 2018 ء |
| 270 ## - ADDRESS | |
| Address | 3191،Vakil Street,Kucha Pandit,Lal Kuan, |
| City | Delhi |
| Postal code | 110006 |
| Telephone number | 23216162 |
| Fax number | 00911123211540 |
| 300 ## - PHYSICAL DESCRIPTION | |
| Extent | 260ص |
| Dimensions | 22 Cm(Hb) |
| 942 ## - ADDED ENTRY ELEMENTS (KOHA) | |
| Source of classification or shelving scheme | Dewey Decimal Classification |
| Item type | Urdu Bks |
| Classification part | 840.08 |
| Call number suffix | ا س و |
| Withdrawn status | Lost status | Not for loan | Collection code | Home library | Current library | Date acquired | Source of acquisition | Cost, normal purchase price | Full call number | Barcode | Copy number | Cost, replacement price | Koha item type |
|---|---|---|---|---|---|---|---|---|---|---|---|---|---|
| Not For Loan | Non-fiction | D.B.Act.Division | D.B.Act.Division | 19/06/2019 | DBAD/PUB | 250.00 | 840.08 ا س و | U-8775 | 1 | 250.00 | Urdu Bks |
